Cognitive style of managers and its influence on the assessment of business plan diplomová práca

Enregistré dans:
Détails bibliographiques
Auteur principal: Kitsiuk, Olena
Collectivité auteur: Ekonomická univerzita v Bratislave. Ústav medzinárodných vzťahov - zrušené
Autres auteurs: Hanák, Róbert, 1979-
Format: Livre
Langue:anglais
Publié: Bratislava 2016
Tags: Ajouter un tag
Pas de tags, Soyez le premier à ajouter un tag!

MARC

LEADER 00000nbm a2200000 4500
001 0227793
005 20170320100739.5
041 0 |a eng 
044 |a SK 
245 1 0 |a Cognitive style of managers and its influence on the assessment of business plan  |b diplomová práca  |c Olena Kitsiuk ; školiteľ: Róbert Hanák 
264 1 |a Bratislava  |c 2016 
300 |a 80 s. 
100 1 |a Kitsiuk, Olena 
700 1 |a Hanák, Róbert, 1979- 
710 2 |a Ekonomická univerzita v Bratislave. Ústav medzinárodných vzťahov - zrušené